Normal view
MARC view
- Tripathi, Vijai K
Entry Personal Name
001 - CONTROL NUMBER
- control field: 96460
003 - CONTROL NUMBER IDENTIFIER
- control field: NUST
005 - DATE AND TIME OF LATEST TRANSACTION
- control field: 20220803152431.0
008 - FIXED-LENGTH DATA ELEMENTS
- fixed length control field: 220803|| aca||aabn | a|a d
040 ## - CATALOGING SOURCE
- Original cataloging agency: NUST
- Transcribing agency: NUST
100 ## - HEADING--PERSONAL NAME
- Personal name: Tripathi, Vijai K
670 ## - SOURCE DATA FOUND
- Source citation: Work cat.: (NUST)175541: Magnusson, Philip Cooper. 96458, Transmission lines and wave propagation /, c1992.
